L'origine dell'uomo e il sentimento religioso (Record no. 54333)

MARC details
000 -LEADER
campo de control de longitud fija 00745nam a22001935i 4500
001 - NÚMERO DE CONTROL
campo de control 54333
003 - IDENTIFICADOR DE NÚMERO DE CONTROL
campo de control ES-MaACL
005 - FECHA Y HORA DE LA ÚLTIMA TRANSACCIÓN
campo de control 20251011063107.0
007 - CAMPO FIJO DE DESCRIPCIÓN FÍSICA--INFORMACIÓN GENERAL
campo de control de longitud fija t|
008 - DATOS DE LONGITUD FIJA--INFORMACIÓN GENERAL
campo de control de longitud fija 960718s1893 it ||||1| ita d
040 ## - FUENTE DE CATALOGACIÓN
Centro catalogador/agencia de origen CAM
Lengua de catalogación spa
Centro/agencia transcriptor CAM
100 1# - ENTRADA PRINCIPAL--NOMBRE DE PERSONA
Nombre de persona Fogazzaro, Antonio,
Fechas asociadas al nombre 1842-1911
9 (RLIN) 51409
245 12 - MENCIÓN DEL TÍTULO
Título L'origine dell'uomo e il sentimento religioso
Resto del título : discorso letto in Roma il 2 marzo 1893 alla Societá per l'Istruzione della Donna /
Mención de responsabilidad, etc. A. Fogazzaro.
260 ## - PUBLICACIÓN, DISTRIBUCIÓN, ETC.
Lugar de publicación, distribución, etc. Milano :
Nombre del editor, distribuidor, etc. Libreria editrice Galli di C. Chiesa e F. Guindani,
Fecha de publicación, distribución, etc. 1893 (
Fabricante Tipografia Bernardonu di C. Rebeschini e c.)
300 ## - DESCRIPCIÓN FÍSICA
Extensión 109 p. ;
Dimensiones 17 cm.
710 2# - ENTRADA AGREGADA--NOMBRE DE ENTIDAD CORPORATIVA
Nombre de entidad corporativa o nombre de jurisdicción como elemento de entrada Societá per l'Istruzione della Donna.
9 (RLIN) 6821
852 ## - LOCALIZACIÓN
Ubicación ES-MaACL
Número de control de estantería F-9224
Holdings
Estatus retirado Estado de pérdida Estado de daño No para préstamo Colección Biblioteca de origen Biblioteca actual Ubicación en estantería Fecha de adquisición Fuente de adquisición Total de préstamos Signatura topográfica completa Código de barras Visto por última vez Precio de reemplazo Tipo de ítem Koha
        Libros del s. XIX Biblioteca del Ateneo de Madrid Biblioteca del Ateneo de Madrid Sala Pecera Planta 2 17/01/2008     F-9224 1057096 23/02/2023 23/02/2023 Libro impreso antiguo